| 000 | 00543nam a2200205Ia 4500 | ||
|---|---|---|---|
| 008 | 180207s9999 xx 000 0 und d | ||
| 020 | _a9780545666756 | ||
| 050 | _bC877 2015 | ||
| 100 | _aCox, Katherine | ||
| 245 | _aKatie fry private eye : | ||
| 245 | _bthe missing fox / | ||
| 245 | _cby Katherine Cox ; illustrated by Vanessa Brantley Newton. | ||
| 260 | _aNew York : | ||
| 260 | _bScholastic, | ||
| 260 | _c2015 | ||
| 300 | _a32 pages : | ||
| 300 | _bcolor illustration ; | ||
| 300 | _c23cm. | ||
| 440 | _aScholastic reader. | ||
| 999 |
_c355508 _d355508 |
||